000 01497nam a2200253 a 4500
001 000672628
003 AM-YeHGA
005 20250617161341.0
008 090707s1953 ai | |||||||||||||rus|d
040 _aAM-YeHGA
041 0 _arus
245 0 0 _aСельскохозяйственные машины и запасные части к ним :
_bСправочник /
_cМин. с.-х. машиностр. СССР; Сост. Т.П. Байков, А.А. Вексер и др.; Под ред. Д.И. Соловева.
250 _a2-е исправл. и доп. изд.
260 _aМосква :
_bМашгиз,
_c1953.
300 _aКн. ;
_c25 см.
505 0 0 _gКн. 1 (1953, 616 с., табл., рис.) :
_tМашины для обработки почвы, посева и посадки, для защиты растений и для животноводческих ферм
_gКн. 2 (1953, 600 с., табл., рис.) :
_tМашины для уборки трав, зерновых и технических культур
650 1 4 _aМеханизация сельского хозяйства
650 1 4 _aСправочники по сельхозмашинам
700 1 _aБайков, Т.П.
_eсост.
_4com
700 1 _aВексер, А.А.
_eсост.
_4com
700 1 _aСоловьева, Д.И.
_eред.
_4edt
710 2 _aМинистерство сельскохозяйственного машиностроения СССР
090 _c473177
999 _c469933
_d469933